| 000 -LEADER |
| fixed length control field |
00709nam a22001697a 4500 |
| 020 ## - INTERNATIONAL STANDARD BOOK NUMBER |
| ISBN |
9789811667343 |
| 082 ## - DEWEY DECIMAL CLASSIFICATION NUMBER |
| Classification number |
338.9 |
| Item number |
Su964 2022 |
| 245 ## - TITLE STATEMENT |
| Title |
Sustainable development goals and pandemic planning : role of efficiency based regional approaches / Venkatachalam Anbumozhi, Kaliappa Kalirajan, and Fukunari Kimura, editors. |
| 260 ## - PUBLICATION, DISTRIBUTION, ETC. (IMPRINT) |
| Place of publication |
Singapore : |
| Name of publisher |
Springer, |
| Year of publication |
c2022. |
| 300 ## - PHYSICAL DESCRIPTION |
| Number of Pages |
1 online resource, xii, 749 pages : |
| Other physical details |
illustrations (some color). |
| 500 ## - GENERAL NOTE |
| General note |
Includes bibliographical references and index. |
| 650 ## - SUBJECT ADDED ENTRY--TOPICAL TERM |
| Topical Term |
Sustainable Development Goals. |
| 700 ## - ADDED ENTRY--PERSONAL NAME |
| Personal name |
Anbumozhi, Venkatachalam, editor. |
| 700 ## - ADDED ENTRY--PERSONAL NAME |
| Personal name |
Kalirajan, Kaliappa, editor. |
| 700 ## - ADDED ENTRY--PERSONAL NAME |
| Personal name |
Kimura, Fukunari, editor. |
| 942 ## - ADDED ENTRY ELEMENTS (KOHA) |
| Koha item type |
Electronic Books |